Восточное полушарие : (Record no. 215170)
[ view plain ]
| 000 -LEADER | |
|---|---|
| fixed length control field | 00889nem a2200229 a 4500 |
| 001 - CONTROL NUMBER | |
| control field | 000555732 |
| 003 - CONTROL NUMBER IDENTIFIER | |
| control field | AM-YeHGA |
| 005 - DATE AND TIME OF LATEST TRANSACTION | |
| control field | 20250617140203.0 |
| 007 - PHYSICAL DESCRIPTION FIXED FIELD--GENERAL INFORMATION | |
| fixed length control field | aj canzn |
| 008 - FIXED-LENGTH DATA ELEMENTS--GENERAL INFORMATION | |
| fixed length control field | 071031s |||||| ac a || | o rus d |
| 034 1# - CODED CARTOGRAPHIC MATHEMATICAL DATA | |
| Category of scale | a |
| Constant ratio linear horizontal scale | 20000000 |
| 040 ## - CATALOGING SOURCE | |
| Original cataloging agency | AM-YeHGA |
| 041 0# - LANGUAGE CODE | |
| Language code of text/sound track or separate title | rus |
| 090 ## - LOCALLY ASSIGNED LC-TYPE CALL NUMBER (OCLC); LOCAL CALL NUMBER (RLIN) | |
| -- | 216687 |
| 245 00 - TITLE STATEMENT | |
| Title | Восточное полушарие : |
| Medium | [карты] : |
| Remainder of title | Физическая карта / |
| Statement of responsibility, etc. | Отв. ред.: П.В. Скурыгина. |
| 255 ## - CARTOGRAPHIC MATHEMATICAL DATA | |
| Statement of scale | Масштаб 1:20 000 000 |
| Statement of projection | Проекция равновеликая азимутальная Ламберта |
| 260 ## - PUBLICATION, DISTRIBUTION, ETC. | |
| Place of publication, distribution, etc. | Новосибирск : |
| Name of publisher, distributor, etc. | ГУГК. |
| 300 ## - PHYSICAL DESCRIPTION | |
| Extent | 1 к. (2 л.) : |
| Other physical details | цв. |
| 650 14 - SUBJECT ADDED ENTRY--TOPICAL TERM | |
| Topical term or geographic name entry element | Картографические произведения |
| 650 14 - SUBJECT ADDED ENTRY--TOPICAL TERM | |
| Topical term or geographic name entry element | Восточное полушарие |
| Form subdivision | Физическая карта |
| 700 1# - ADDED ENTRY--PERSONAL NAME | |
| Personal name | Скурыгина, П.В. |
| Relator term | ред. |
| Relationship | edt |
| Withdrawn status | Lost status | Source of classification or shelving scheme | Damaged status | Not for loan | Collection | Home library | Current library | Date acquired | Total checkouts | Full call number | Barcode | Date last seen | Price effective from | Koha item type | Public note |
|---|---|---|---|---|---|---|---|---|---|---|---|---|---|---|---|
| Universal Decimal Classification | Maps, atlases | Fundamental Scientific Library | Fundamental Scientific Library | 28/12/2016 | K-94 | FL0021234 | 28/12/2016 | 28/12/2016 | Քարտեզներ / Maps | ILL Non-Circ. |
ՀՀ Գիտությունների ազգային ակադեմիայի հիմնարար գիտական գրադարան = Fundamental Scientific Library of NAS RA
All site content, except where otherwise noted, is licensed under a